Statistics for Cincinnati Bengals All Time Rushing Leaders

Click here to take the quiz!

General Stats

  • This quiz has been taken 16 times
  • The average score is 7 of 20

Answer Stats

Years PlayedYards RushingPlayer% Correct
2017-Present5,706Joe Mixon
88%
1997-20038,061Corey Dillon
75%
1968-19753,070Essex Johnson
63%
1977-19835,421Pete Johnson
63%
2001-20075,742Rudi Johnson
63%
2013-20203,697Giovani Bernard
56%
1988-19911,525Ickey Woods
50%
2014-20172,873Jeremy Hill
38%
2008-20114,176Cedric Benson
31%
1984-19916,447James Brooks
31%
1990-19953,727Harold Green
25%
1971-19862,220Ken Anderson
25%
1976-19822,808Archie Griffin
13%
2012-20131,850BenJarvus Green-Ellis
13%
1979-19852,645Charles Alexander
13%
1968-19712,441Paul Robinson
13%
1973-19782,978Boobie Clark
6%
1994-19981,499Jeff Blake
6%
1968-19721,860Jess Phillips
0%
1983-19872,582Larry Kinnebrew
0%

Score Distribution

Percentile by Number Answered

Percent of People with Each Score

Your Score History

You have not taken this quiz